| 000 | 01294cam a22003495a 4500 | ||
|---|---|---|---|
| 001 | ocm24168145 | ||
| 003 | OSt | ||
| 005 | 20171115155557.0 | ||
| 008 | 910802s1989 nju frb 001 0 eng d | ||
| 020 | _a0691018545 | ||
| 020 | _a9780691018546 | ||
| 040 |
_aDZM _cDZM _dIUP _dEG-ScBUE _beng |
||
| 041 | 1 |
_aeng _hger |
|
| 082 | 0 | 4 |
_222 _a355.02 _bCLA |
| 100 | 1 |
_aClausewitz, Carl von, _d1780-1831. |
|
| 240 | 1 | 0 |
_aVom Kriege. _lEnglish |
| 245 | 1 | 0 |
_aOn war / _cCarl von Clausewitz ; edited and translated by Michael Howard and Peter Paret ; introductory essays by Peter Paret, Michael Howard, and Bernard Brodie ; with a commentary by Bernard Brodie ; index by Rosalie West. |
| 250 | _a1st Princeton Paperback printing; Indexed ed. | ||
| 260 |
_aPrinceton : _bPrinceton University Press, _c1989. |
||
| 300 |
_axii, 732 p. ; _c24 cm. |
||
| 490 | 0 | _aPrinceton paperbacks | |
| 504 | _aIncludes bibliographical references and index. | ||
| 546 | _aText in English ; translated from German. | ||
| 650 | 7 |
_aMilitary art and science. _2BUEsh |
|
| 650 | 7 |
_aWar. _2BUEsh _910636 |
|
| 651 | _2BUEsh | ||
| 653 |
_bGGEN _cNovember2017 |
||
| 655 |
_vReading book _934232 |
||
| 700 | 1 |
_aHoward, Michael, _d1922- _eeditor _etranslater. |
|
| 700 | 1 |
_aParet, Peter. _eeditor _etranslater. |
|
| 942 | _2ddc | ||
| 999 |
_c25595 _d25567 |
||